Grundzüge der mathematischen Logik /
Guardado en:
| Autor Principal: | |
|---|---|
| Otros Autores: | |
| Formato: | Libro |
| Idioma: | German |
| Publicado: |
Berlin :
Springer-Verlag,
1961.
|
| Series: | Die Grundlehren der mathematischen Wissenschaften ;
Bd. 106 |
| Etiquetas: |
Agregar Etiqueta
Sin Etiquetas, Sea el primero en etiquetar este registro!
|
| LEADER | 00586nam a22001695a 4500 | ||
|---|---|---|---|
| 001 | MAT.inmabb001325 | ||
| 008 | 031122s1961####gw############000#0#ger#d | ||
| 005 | 20170815121008.0 | ||
| 245 | 1 | 0 | |a Grundzüge der mathematischen Logik / |c von Heinrich Scholz und Gisbert Hasenjaeger. |
| 260 | |a Berlin : |b Springer-Verlag, |c 1961. | ||
| 300 | |a xv, 504 p. ; |c 24 cm. | ||
| 440 | 4 | |a Die Grundlehren der mathematischen Wissenschaften ; |v Bd. 106 | |
| 510 | 4 | |a MR, |c 23 #A2306 | |
| 100 | 1 | |a Scholz, Heinrich. | |
| 700 | 1 | |a Hasenjaeger, Gisbert. | |
| 084 | |a 03-XX |2 msc2000 | ||
| 859 | |h 03 |i Sc368 |p A-1580 |b BIB. MATEMATICA | ||
